|
|
|
|
| LEADER |
01785nam a2200469 a 4500 |
| 001 |
000563161 |
| 003 |
CZ BrMZK |
| 005 |
20090520195530.0 |
| 007 |
ta |
| 008 |
000115s2001 xr e f cze d |
| 015 |
|
|
|a cnb000992338
|
| 020 |
|
|
|a 80-242-0509-2
|
| 035 |
|
|
|a (OCoLC)85011974
|
| 040 |
|
|
|a BOA001
|b cze
|
| 043 |
|
|
|a e-gr---
|a e-it---
|a a-tu---
|
| 072 |
|
7 |
|a 902
|x Archeologie
|2 Konspekt
|9 8
|
| 080 |
|
|
|a 902:904
|2 MRF
|
| 080 |
|
|
|a 316.72/.75
|2 MRF
|
| 080 |
|
|
|a 94(38)
|2 MRF
|
| 080 |
|
|
|a (495)
|2 MRF
|
| 080 |
|
|
|a (450-13)
|2 MRF
|
| 080 |
|
|
|a (392)
|2 MRF
|
| 080 |
|
|
|a (0.062)
|2 MRF
|
| 080 |
|
|
|a (084.11)
|2 MRF
|
| 245 |
0 |
0 |
|a Řekové a rozkvět antiky :
|b podivuhodné archeologické objevy : cesty, objevy, rekonstrukce /
|c redigovala Marcela Nejedlá
|
| 250 |
|
|
|a Vyd. 1.
|
| 260 |
|
|
|a Praha :
|b Knižní klub,
|c 2001
|
| 300 |
|
|
|a 202 s. :
|b barev. il. ;
|c 29 cm
|
| 500 |
|
|
|a Vydavatel: Euromedia Group
|
| 650 |
0 |
7 |
|a archeologické památky
|7 ph118576
|z Řecko
|2 czenas
|
| 650 |
0 |
7 |
|a archeologické památky
|7 ph118576
|z Itálie jižní
|2 czenas
|
| 650 |
0 |
7 |
|a archeologické památky
|7 ph118576
|z Malá Asie
|2 czenas
|
| 650 |
0 |
7 |
|a kultura a společnost
|7 ph122010
|z starověké Řecko
|2 czenas
|
| 655 |
|
7 |
|a populárně-naučné publikace
|7 fd131864
|2 czenas
|
| 655 |
|
7 |
|a obrazové publikace
|7 fd132947
|2 czenas
|
| 651 |
|
7 |
|a starověké Řecko
|7 ge131513
|x dějiny
|2 czenas
|
| 700 |
1 |
|
|a Nejedlá, Marcela,
|d 1958-
|7 jn20001005461
|
| 765 |
0 |
|
|t Meraviglie delľ archeologia, i Greci e la magna Grecia
|
| 910 |
|
|
|a BOA001
|b 4-1086.869
|
| 990 |
|
|
|a BK
|
| 996 |
6 |
|
|b 2610137182
|c 4-1086.869
|l MZK
|r Sklad / do 1 hodiny
|n 2
|p p.v.
|w 000563161
|u 000010
|a 1
|e BOA001
|j MZK50
|s P
|
| 996 |
7 |
|
|b 2610140181
|c 4-1086.869
|l MZK
|r Sklad / do 1 hodiny
|n 36
|p kup
|w 000563161
|u 000020
|a 1
|e BOA001
|j MZK50
|s A
|